<?xml version="1.0" encoding="UTF-8"?>
<record
    xmlns:xsi="http://www.w3.org/2001/XMLSchema-instance"
    xsi:schemaLocation="http://www.loc.gov/MARC21/slim http://www.loc.gov/standards/marcxml/schema/MARC21slim.xsd"
    xmlns="http://www.loc.gov/MARC21/slim">

  <leader>01386nam a22001817a 4500</leader>
  <controlfield tag="008">120628t        xxu||||| |||| 00| 0 eng d</controlfield>
  <datafield tag="020" ind1=" " ind2=" ">
    <subfield code="a">0534612962</subfield>
  </datafield>
  <datafield tag="050" ind1=" " ind2=" ">
    <subfield code="a">HM1221.N42</subfield>
  </datafield>
  <datafield tag="100" ind1=" " ind2=" ">
    <subfield code="a">Newsom, Doug.</subfield>
  </datafield>
  <datafield tag="245" ind1=" " ind2=" ">
    <subfield code="a">Public relations writing: Form &amp; styles. /</subfield>
    <subfield code="c">Doug Newson and Jim Haynes</subfield>
  </datafield>
  <datafield tag="250" ind1=" " ind2=" ">
    <subfield code="a">7th</subfield>
  </datafield>
  <datafield tag="260" ind1=" " ind2=" ">
    <subfield code="a">Australia:</subfield>
    <subfield code="b">Thomson,</subfield>
    <subfield code="c">2005.</subfield>
  </datafield>
  <datafield tag="300" ind1=" " ind2=" ">
    <subfield code="a">xxii,441 p.:</subfield>
    <subfield code="c">24cm.</subfield>
  </datafield>
  <datafield tag="500" ind1=" " ind2=" ">
    <subfield code="a">Includes index</subfield>
  </datafield>
  <datafield tag="505" ind1=" " ind2=" ">
    <subfield code="a">Contents: PR writing: Role and responsibility -- Public relations and the writer -- Ethical and legal responsibilities of the PR writer -- Persuasion -- Research for the public relations writer -- Writing pricinples -- Writing to clarify and simplify the complex: Style and content -- Grammar, spelling and punctuation -- Writing for select publics -- Emails, memo, letters, reports and proposals -- Backgrounds and position papers -- Writing for mass media publics -- News release for print media -- News for broadcasting -- Features for print and broadcasting -- Message design concepts -- Writing advertising copy -- Writing for web sites -- Writing for a media mix -- Media kits and media pitches -- Speeches and other presentations -- Newsletters -- Brochures -- Magazines and annual reports -- Crisis communcation and the planning process -- Appendix A: Readability formulas -- Appendix B: Copyfitting. </subfield>
  </datafield>
  <datafield tag="700" ind1=" " ind2=" ">
    <subfield code="a">Haynes, Jim</subfield>
  </datafield>
  <datafield tag="942" ind1=" " ind2=" ">
    <subfield code="2">lcc</subfield>
    <subfield code="c">BK</subfield>
  </datafield>
  <datafield tag="999" ind1=" " ind2=" ">
    <subfield code="c">1609</subfield>
    <subfield code="d">9109</subfield>
  </datafield>
  <datafield tag="952" ind1=" " ind2=" ">
    <subfield code="0">0</subfield>
    <subfield code="1">0</subfield>
    <subfield code="2">lcc</subfield>
    <subfield code="4">0</subfield>
    <subfield code="7">0</subfield>
    <subfield code="a">WIUC-1</subfield>
    <subfield code="b">WIUC-1</subfield>
    <subfield code="c">GEN</subfield>
    <subfield code="d">2012-06-29</subfield>
    <subfield code="l">0</subfield>
    <subfield code="o">HM1221.N42</subfield>
    <subfield code="p">3996/12</subfield>
    <subfield code="r">2012-06-29 00:00:00</subfield>
    <subfield code="t">1</subfield>
    <subfield code="w">2012-06-29</subfield>
    <subfield code="y">BK</subfield>
  </datafield>
  <datafield tag="952" ind1=" " ind2=" ">
    <subfield code="0">0</subfield>
    <subfield code="1">0</subfield>
    <subfield code="2">lcc</subfield>
    <subfield code="4">0</subfield>
    <subfield code="7">0</subfield>
    <subfield code="a">WIUC-1</subfield>
    <subfield code="b">WIUC-1</subfield>
    <subfield code="c">GEN</subfield>
    <subfield code="d">2012-06-29</subfield>
    <subfield code="l">0</subfield>
    <subfield code="o">HM1221.N421</subfield>
    <subfield code="p">3997/12</subfield>
    <subfield code="r">2012-06-29 00:00:00</subfield>
    <subfield code="t">2</subfield>
    <subfield code="w">2012-06-29</subfield>
    <subfield code="y">BK</subfield>
  </datafield>
  <datafield tag="952" ind1=" " ind2=" ">
    <subfield code="0">0</subfield>
    <subfield code="1">0</subfield>
    <subfield code="2">lcc</subfield>
    <subfield code="4">0</subfield>
    <subfield code="7">0</subfield>
    <subfield code="a">WIUC-1</subfield>
    <subfield code="b">WIUC-1</subfield>
    <subfield code="c">GEN</subfield>
    <subfield code="d">2012-06-29</subfield>
    <subfield code="l">0</subfield>
    <subfield code="o">HM1221.N422</subfield>
    <subfield code="p">3998/12</subfield>
    <subfield code="r">2012-06-29 00:00:00</subfield>
    <subfield code="t">3</subfield>
    <subfield code="w">2012-06-29</subfield>
    <subfield code="y">BK</subfield>
  </datafield>
</record>
